[Event "20th ch-EUR Indiv 2019"]
[Site "Skopje MKD"]
[Date "2019.03.19"]
[Round "2.60"]
[White "Pultinevicius, Paulius"]
[Black "Meshkovs, Nikita"]
[Result "1/2-1/2"]
[WhiteTitle "IM"]
[BlackTitle "GM"]
[WhiteElo "2439"]
[BlackElo "2568"]
[WhiteFideId "12809390"]
[BlackFideId "11602740"]
[EventDate "2019.03.18"]

1. c4 Nf6 2. Nc3 g6 3. e4 d6 4. d4 Bg7 5. Bd3 O-O 6. Nge2 c5 7. d5 e6 8. O-O
exd5 9. cxd5 a6 10. a4 Nbd7 11. Ng3 Rb8 12. a5 Re8 13. Bc2 b5 14. axb6 Nxb6 15.
Bd3 Nfd7 16. f4 c4 17. Bc2 Nc5 18. Be3 Nbd7 19. Rb1 Qa5 20. Bd4 Bxd4+ 21. Qxd4
Qb6 22. Nge2 a5 23. Kh1 Ba6 24. Qf2 Nb3 25. Rbe1 Ndc5 26. f5 Nd3 27. Qh4 Nd2 28.
f6 Nxf1 29. Bxd3 h5 30. Rxf1 cxd3 31. Nf4 Qd4 32. Nxg6 fxg6 33. f7+ Kg7 34.
fxe8=Q Rxe8 35. Qf4 Qa7 36. Qxd6 Kh7 37. Rf6 d2 38. Qxa6 Qxa6 39. Rxa6 Rxe4 40.
Kg1 Re3 41. Nd1 Re1+ 42. Kf2 Rxd1 43. Ke2 Rg1 44. Kxd2 Rxg2+ 45. Kc3 Kg7 46. d6
Kf7 47. Rxa5 Rxh2 48. d7 Ke7 49. Rg5 Kxd7 50. Rxg6 1/2-1/2

[Event "20th ch-EUR Indiv 2019"]
[Site "Skopje MKD"]
[Date "2019.03.20"]
[Round "3.61"]
[White "Colovic, Aleksandar"]
[Black "Hracek, Zbynek"]
[Result "0-1"]
[WhiteTitle "GM"]
[BlackTitle "GM"]
[WhiteElo "2449"]
[BlackElo "2578"]
[WhiteFideId "15000729"]
[BlackFideId "300071"]
[EventDate "2019.03.18"]

1. d4 Nf6 2. c4 e6 3. Nc3 Bb4 4. e3 O-O 5. Nf3 d5 6. Bd2 b6 7. cxd5 exd5 8. Rc1
c5 9. a3 Bxc3 10. Bxc3 c4 11. b3 b5 12. bxc4 bxc4 13. Be2 Ne4 14. O-O Bg4 15. h3
Bh5 16. Re1 Nd7 17. Qa4 Nxc3 18. Rxc3 Nf6 19. Nd2 Bg6 20. Bf3 Re8 21. Rcc1 Rb8
22. Nb1 Be4 23. Be2 Qe7 24. Nd2 Rb2 25. Qa5 Bg6 26. Bf3 Ne4 27. Nxe4 Bxe4 28.
Bxe4 Qxe4 29. Qxa7 h6 30. Qc7 Re6 31. Qf4 Qd3 32. Rcd1 Qc2 33. Rc1 Qd3 34. Rcd1
Qc2 35. Rc1 Qb3 36. e4 Rf6 37. Qe3 Rfxf2 38. Qxf2 Rxf2 39. Kxf2 dxe4 40. Kg1 f5
41. Ra1 Qa4 42. Kh1 Kf7 43. Red1 Ke6 44. d5+ Kd6 45. Rd4 e3 46. Re1 Qb3 47. Kh2
Qc3 48. Rdd1 Qxa3 49. Ra1 Qd3 50. h4 g5 51. hxg5 hxg5 52. Rad1 Qd2 0-1